000 00821nam a2200301 a 4500
001 000114025
003 CHAP
005 20220329144424.0
008 171020s2014 mx |r| ||||||spa d
010 _a110486
011 _a111458
020 _a968514656X
040 _cCHAP
082 0 4 _a822.33
_bS52h
100 0 0 _aShakespeare, William.
_9105459
245 1 0 _aHamlet /
_cpor William Shakespeare.
260 _aMéxico :
_bEdiciones Leyenda,
_c2014.
300 _a131 p.
490 _aColección clásicos
590 _aE11695DGD
_b10
_c20171105
_lUCH01
_h1018
590 _aE5765TAJ
_b05
_c20171020
_lUCH01
_h1113
650 1 4 _aDrama inglés (tragédia)
_ySiglo XVI.
_9132638
650 1 4 _aTeatro inglés.
_9131137
830 0 0 _aColección clásicos
_924754
901 _aBK
942 _cLIBRO
942 _n0
999 _c110486
_d110486